ঢ়
ক্ষ
ড়
ঢ়
য়
র-ফলা‌‌‌
 
 
য-ফলা
ি
 
 
রেফ
 
 
 
যুক্ত করুন/হসন্ত
Space
Enter

Christina Rossetti : (Record no. 3995)

000 -LEADER
fixed length control field 00602nam a22002177a 4500
001 - CONTROL NUMBER
control field 18536
003 - CONTROL NUMBER IDENTIFIER
control field BD-DhUAP
005 - DATE AND TIME OF LATEST TRANSACTION
control field 20200316115829.0
008 - FIXED-LENGTH DATA ELEMENTS--GENERAL INFORMATION
fixed length control field 200316s2013 bg b 000 0 eng d
020 ## - INTERNATIONAL STANDARD BOOK NUMBER
International Standard Book Number 9847002002653
040 ## - CATALOGING SOURCE
Original cataloging agency BD-DhAAL
Transcribing agency BD-DhAAL
Modifying agency BD-DhUAP
Language of cataloging Eng
082 ## - DEWEY DECIMAL CLASSIFICATION NUMBER
Edition number 23
Classification number 821.912 HAQ
100 ## - MAIN ENTRY--PERSONAL NAME
Personal name Haque, Md. Ataul.
245 ## - TITLE STATEMENT
Title Christina Rossetti :
Remainder of title selected poems /
Statement of responsibility, etc. Md. Ataul. Haque.
260 ## - PUBLICATION, DISTRIBUTION, ETC.
Place of publication, distribution, etc. Dhaka :
Name of publisher, distributor, etc. Friend's book corner,
Date of publication, distribution, etc. c2013.
300 ## - PHYSICAL DESCRIPTION
Extent 191 pages ;
Dimensions 20 cm.
600 ## - SUBJECT ADDED ENTRY--PERSONAL NAME
Personal name Rossetti, Christina.
650 ## - SUBJECT ADDED ENTRY--TOPICAL TERM
Topical term or geographic name entry element English
Form subdivision Poetry.
942 ## - ADDED ENTRY ELEMENTS (KOHA)
Source of classification or shelving scheme
Koha item type Book
Holdings
Withdrawn status Lost status Source of classification or shelving scheme Damaged status Not for loan Permanent Location Current Location Shelving location Date acquired Full call number Barcode Date last seen Copy number Price effective from Koha item type
          UAP Central Library UAP Central Library General Stacks 2020-03-16 821.912 HAQ 3010018536 2020-03-16 1 2020-03-16 Book

All rights reserved © UAP Central Library,
University of Asia Pacific.